000 00621nam a22002057a 4500
008 240606b mp ||||| |||| 00| 0 mon d
035 _a17004
040 _aBU0183120
_bmon
_cMN-UlNLM
_dMN-UlNLM
_erda
041 _amon
084 _2NNA
_a84(2Орос)
_bК-606
100 _aКоллоди К.
245 0 _aПиноккиогийн адал явдал
264 _aУлаанбаатар
_bГэгээрлийн яамны хэвлэл
_c1965
300 _a169 х.
336 _2rdacontent
_atext
_btxt
337 _2rdamedia
_aunmediated
_bn
338 _2rdacarrier
_avolume
_bnc
490 _v0
942 _2NNA
_cBK
999 _c803970
_d804027